[Event "ISR-ch (Women)"]
[Site "Ramat Aviv/Modiin"]
[Date "2000.12.19"]
[Round "3"]
[White "Len, Irina"]
[Black "Baron, Irena"]
[Result "1-0"]
[WhiteElo "2118"]
[BlackElo "2010"]
[PlyCount "101"]
[EventDate "2000.12.17"]
[EventType "tourn"]
[EventRounds "9"]
[EventCountry "ISR"]
[SourceTitle "CBM 079 Extra"]
[Source "ChessBase"]
[SourceDate "2001.01.11"]
[SourceVersion "2"]
[SourceVersionDate "2001.01.25"]
[SourceQuality "1"]

1. d4 Nf6 2. c4 c5 3. d5 e5 4. Nc3 d6 5. e4 g6 6. g3 Bg7 7. Bg2 0-0 8. Nge2 Ne8 9. 0-0 f5 10. f4 Nd7 11. Rb1 Ndf6 12. fxe5 dxe5 13. Be3 b6 14. exf5 gxf5 15. Bg5 Nd6 16. b3 a6 17. Qd2 Bd7 18. Rbe1 Qc7 19. Nc1 Rae8 20. Nd3 Nf7 21. Bh4 Kh8 22. a4 e4 23. Nf4 Qe5 24. Nce2 Nd6 25. Bxf6 Qxf6 26. Qe3 Rc8 27. h3 Qe7 28. Kh2 b5 29. cxb5 axb5 30. a5 b4 31. Nh5 Be5 32. Qh6 Nb5 33. Nef4 Bxf4 34. Rxf4 Nc3 35. d6 Qf7 36. Rh4 Rg8 37. Nf6 Rg7 38. g4 Rf8 39. Nxd7 Qxd7 40. Rf1 Rfg8 41. Qf6 Nd5 42. Rxh7+ Kxh7 43. Qh4+ Kg6 44. Qh5+ Kf6 45. Rxf5+ Ke6 46. Rxd5 Qf7 47. Qe5+ Kd7 48. Rxc5 Rc8 49. Rb5 Kd8 50. a6 Rg6 51. Rb7 1-0